| 000 | 01567cam a2200373 i 4500 | ||
|---|---|---|---|
| 001 | 22331964 | ||
| 005 | 20240214150611.0 | ||
| 008 | 211202s2023 mnua j b 001 0 eng | ||
| 010 | _a 2021045349 | ||
| 020 |
_a9781728456164 _q(library binding) |
||
| 020 |
_a9781728463711 _q(paperback) |
||
| 020 |
_z9781728462066 _q(ebook) |
||
| 040 |
_aDLC _beng _erda _cDLC _dDLC |
||
| 042 | _apcc | ||
| 050 | 0 | 0 |
_aBF575.F66 _bP448 2022 |
| 082 | 0 | 0 |
_a155.9/25 _223/eng/20211202 |
| 092 |
_achildren nonfiction _bPeterson |
||
| 100 | 1 |
_aPeterson, Christy, _eauthor. _96448743 |
|
| 245 | 1 | 0 |
_aMany ways to be a friend / _cChristy Peterson. |
| 264 | 1 |
_aMinneapolis : _bLerner Publications , _c[2023] |
|
| 300 |
_a24 pages : _bcolor illustrations ; _c26 cm. |
||
| 336 | _atext | ||
| 337 | _aunmediated | ||
| 338 | _avolume | ||
| 490 | 0 | _aSesame Street celebrating you and me | |
| 504 | _aIncludes bibliographical references and index. | ||
| 520 | _a"Friends don't have to live near one another nor do they have to like the same things. Join the Sesame Street gang as they celebrate the many ways to be a friend"-- | ||
| 521 |
_aAges 4-8 _bLerner Publications |
||
| 521 |
_aGrades K-1 _bLerner Publications |
||
| 650 | 0 |
_aFriendship _vJuvenile literature. _95695174 |
|
| 650 | 0 |
_aInterpersonal relations _vJuvenile literature. _95716301 |
|
| 776 | 0 | 8 |
_iOnline version: _aPeterson, Christy, 1972- _tMany ways to be a friend _dMinneapolis, MN : Lerner Publications , [2022] _z9781728462066 _w(DLC) 2021045350 |
| 942 |
_2ddc _cBOOK |
||
| 999 |
_c393380 _d393380 |
||